UM Logo

The eat beat : (Record no. 22750)

MARC details
000 -LEADER
fixed length control field 00733nam a22001697a 4500
005 - DATE AND TIME OF LATEST TRANSACTION
control field 20241022085418.0
008 - FIXED-LENGTH DATA ELEMENTS--GENERAL INFORMATION
fixed length control field 241022b |||||||| |||| 00| 0 eng d
100 ## - MAIN ENTRY--PERSONAL NAME
Personal name Silvestre, Magnolia.
Relator term author.
9 (RLIN) 63249
245 ## - TITLE STATEMENT
Title The eat beat :
Remainder of title cookies, biskwit, soft serve avocado, and culinary heritage /
Statement of responsibility, etc. Magnolia Silvestre, Joanna Silvestre, Marlon Aldenese, and Shaira Barnuevo.
260 ## - PUBLICATION, DISTRIBUTION, ETC. (IMPRINT)
Place of publication, distribution, etc. Philippines;
Name of publisher, distributor, etc. Philippine Graphic Publishing Inc.,
Date of publication, distribution, etc. November 2019.
300 ## - PHYSICAL DESCRIPTION
Extent Volume 20, pages 44-47,
Other physical details illustration.
700 ## - ADDED ENTRY--PERSONAL NAME
Personal name Silvestre, Magnolia.
Relator term author.
9 (RLIN) 63248
700 ## - ADDED ENTRY--PERSONAL NAME
Personal name Silvestre, Joanna.
Relator term author.
9 (RLIN) 63250
700 ## - ADDED ENTRY--PERSONAL NAME
Personal name Aldenese, Marlon.
Relator term author.
9 (RLIN) 63251
700 ## - ADDED ENTRY--PERSONAL NAME
Personal name Barnuevo, Shaira.
Relator term author.
9 (RLIN) 63252
942 ## - ADDED ENTRY ELEMENTS (KOHA)
Source of classification or shelving scheme Dewey Decimal Classification
Koha item type Periodicals
Holdings
Withdrawn status Lost status Source of classification or shelving scheme Damaged status Not for loan Collection code Home library Current library Date acquired Total Checkouts Date last seen Price effective from Koha item type Public note
    Dewey Decimal Classification     Periodicals UM Digos College - LIC UM Digos College - LIC 10/22/2024   10/22/2024 10/22/2024 Periodicals Periodical Article